Advance Spanish Translating - Statistics

General Stats
  • This quiz has been taken 27 times
  • The average score is 6 of 12
Answer Stats
Hint Answer % Correct
Aceituna Olive
91%
Contraseña Password
73%
Ferrocarril Railway/Railroad/Train Station
64%
Cicatriz Scar
55%
Cacahuete Peanut
50%
Buzón Mailbox/Voicemail
45%
Maracuyá Passionfruit
41%
Batidor Whisk
41%
Alce Elk/Moose
32%
Símil Simile
32%
Herradura Horseshoe
23%
Golondrina Swallow (bird)
18%
No matching quizzes found
Score Distribution
Percent of People with Each Score
Percentile by Number Answered
Your Score History
You have not taken this quiz